| 000 | 003690000a22001450004500 | ||
|---|---|---|---|
| 001 | 004665 | ||
| 003 | MACL | ||
| 040 | _aMACL | ||
| 090 |
_c16658 _d16657 |
||
| 100 | _aBhatt, G.P. | ||
| 245 |
_aThe Skanda P̜urana _bAncient Indian TraditionAnd Mythology Vol6̜3 _cG.P. Bhatt |
||
| 260 |
_aMotilal Banarsidass Publishers, _c2001 |
||
| 650 | _aReligion | ||
| 942 |
_k295 _cBook |
||
| 999 |
_c16552 _d16552 |
||